000 00500nam a22002057a 4500
003 OSt
005 20180116183056.0
008 161007b xxu||||| |||| 00| 0 eng d
020 _a9780857029287
040 _c0
082 _a808.066 CRA 2012
100 _aCraswell,Gail
245 _aWriting for Academic Success
_cGail Craswell
250 _a2nd ed.
260 _aLondon
_bSAGE
_c2012
300 _a248p.
_bPB.
440 _aWriting for Academic Success
500 _aPB
942 _2ddc
_cBK
999 _c351837
_d351837